000 00264nam a2200121 i 4500
001 bg
245 0 _aSelektywna dystrybucja informacji.
260 _aWarszawa,
_c1979.
040 _cBPK
041 _apol
942 _cKS
008 s pl f |000 0 pol
999 _c9417
_d9417
856 _uhttp://koha.tu.koszalin.pl/cgi-bin/koha/opac-detail.pl?biblionumber=9417
_yKatalog online BPK